000 00214 a2200097 4500
001 14768
100 _aBolwes
245 _athe people of Asia
260 _aLondon
_bWsidenfeld & Nicholson
_c
090 _c11547
_d11547
942 _aNUST-CAE
_cM
_c1722
999 _c249841
_d249841